Niektoré riziká pôsobenia vyššej nadmorskej výšky

Bibliographic Details
Main Author: Kujaník, Štefan, 1949-2013 (Author)
Format: Article
Language:Slovak
ISSN:0371-2222
Subjects:

MARC

LEADER 00000nab a2200000 a 4500
001 vtls000775293
003 SK-MaSNL
005 20260305044440.0
008 250429c2001 xo 0 slo
015 |a SNBRB2001/11-33375 
035 |a CLN000127080 
035 |a urn:nbn:sk:snk-ab35ae 
035 |a (urnnbn)urn:nbn:sk:snk:ar-a06878 
035 |a (uuid)49272bb9-5cd5-4902-a5c1-c9a3859865a3 
040 |a SNKBUCL  |b slo  |c SNKBUCL  |e AACR2 
041 0 |a slo 
044 |a xo  |c SK 
080 |a 612.27  |2 1997 
080 |a 613.163  |2 1997 
100 1 |a Kujaník, Štefan,  |d 1949-2013  |4 aut  |9 7429 
245 1 0 |a Niektoré riziká pôsobenia vyššej nadmorskej výšky  |c Štefan Kujaník 
504 |a Res. angl., slov. 
504 |a Bibliogr. odkazy 
650 0 7 |a hypoxia  |2 snkbucl  |9 16782 
650 0 7 |a nadmorská výška  |2 snkbucl  |9 79473 
655 7 |a články z novín a časopisov  |2 snkbucl  |9 267496 
773 0 |t Studia pneumologica et phthiseologica  |g Roč. 61, č. 1 (2001), s. 9-12  |x 0371-2222 
850 |a Slovenská národná knižnica 
852 |a Slovenská národná knižnica 
954 |a odborná, vedecká literatúra pôvodná (slovenská)  |2 lita 
958 |a article27 
958 |a MI 
958 |a NB 
958 |a OND 
958 |a EUIPO 
999 |c 3358703  |d 3360633